Ingmar Bergman Filmography - Statistics

General Stats
  • This quiz has been taken 179 times
    38 since last reset
  • The average score is 48 of 287
Answer Stats
Type Year Name % Correct
Film Director 1966 Persona
100%
Film Screenplay 1966 Persona
100%
Film Production 1966 Persona
100%
Film Director 1957 The Seventh Seal
100%
Film Screenplay 1957 The Seventh Seal
100%
Film Director 1957 Wild Strawberries
96%
Film Screenplay 1957 Wild Strawberries
96%
Film Director 1982 Fanny and Alexander
89%
Film Screenplay 1982 Fanny and Alexander
89%
Film Director 1972 Cries and Whispers
82%
Film Screenplay 1972 Cries and Whispers
82%
Film Director 1978 Autumn Sonata
79%
Film Screenplay 1978 Autumn Sonata
79%
Stage Director 1981 Nora/Julie/Scenes from a Marriage
75%
TV Mini-Series Director 1973 Scenes from a Marriage
75%
Film Director 1968 Hour of the Wolf
61%
Film Screenplay 1968 Hour of the Wolf
61%
Film Director 1963 Winter Light
61%
Film Screenplay 1963 Winter Light
61%
Radio Play Director 1946, 1951 Summer
57%
Film Director 1961 Through a Glass Darkly
57%
Film Screenplay 1961 Through a Glass Darkly
57%
Film Director 1968 Shame
54%
Film Screenplay 1968 Shame
54%
Film Director 1960 The Virgin Spring
54%
Film Production 1960 The Virgin Spring
54%
Film Director 1953 Sawdust and Tinsel
50%
Film Screenplay 1953 Sawdust and Tinsel
50%
Film Director 1953 Summer with Monika
50%
Film Screenplay 1953 Summer with Monika
50%
Film Director 1963 The Silence
50%
Film Screenplay 1963 The Silence
50%
Film Director 1958 The Magician
46%
Film Screenplay 1958 The Magician
46%
TV Film Director 2003 Saraband
43%
TV Film Screenplay 2003 Saraband
43%
Film Director 1955 Smiles of a Summer Night
43%
Film Screenplay 1955 Smiles of a Summer Night
43%
Film Director 1969 The Passion of Anna
43%
Film Screenplay 1969 The Passion of Anna
43%
Film Director 1975 The Magic Flute
39%
Film Screenplay 1975 The Magic Flute
39%
Stage Director 1947 Magic
36%
Film Director 1948 Port of Call
36%
Film Screenplay 1948 Port of Call
36%
Film Director 1946 Crisis
32%
Film Screenplay 1946 Crisis
32%
TV Film Director 1976 Face to Face
32%
TV Film Screenplay 1976 Face to Face
32%
TV Documentary Director 1970 Fårö Document
32%
TV Documentary Director 1979 Fårö Document
32%
TV Film Director 1980 From the Life of the Marionettes
32%
TV Film Screenplay 1980 From the Life of the Marionettes
32%
Film Director 1969 The Rite
32%
Film Screenplay 1969 The Rite
32%
Film Acting Role 1969 The Rite
32%
Film Director 1977 The Serpent's Egg
32%
Film Screenplay 1977 The Serpent's Egg
32%
Film Director 1949 Thirst
32%
Film Director 1950 To Joy
32%
Film Screenplay 1950 To Joy
32%
Film Director 1954 A Lesson in Love
29%
Film Screenplay 1954 A Lesson in Love
29%
Film Director 1947 A Ship Bound for India
29%
Film Screenplay 1947 A Ship Bound for India
29%
Film Director 1958 Brink of Life
29%
Film Director 1955 Dreams
29%
Film Screenplay 1955 Dreams
29%
Film Director 1952 Secrets of Women
29%
Film Screenplay 1952 Secrets of Women
29%
Film Director 1951 Summer Interlude
29%
Film Screenplay 1951 Summer Interlude
29%
Film Director 1960 The Devil's Eye
29%
Film Screenplay 1960 The Devil's Eye
29%
Film Director 1971 The Touch
29%
Film Screenplay 1971 The Touch
29%
Film Production 1971 The Touch
29%
Film Director 1984 After the Rehearsal
25%
Film Screenplay 1984 After the Rehearsal
25%
Film Director 1964 All These Women
25%
Film Screenplay 1964 All These Women
25%
Film Director 1949 Prison
25%
Film Screenplay 1949 Prison
25%
Film Director 1946 It Rains on Our Love
21%
Film Director 1948 Music in Darkness
21%
Film Screenplay 1948 Music in Darkness
21%
Film Director 1967 Stimulantia
21%
Film Screenplay 1967 Stimulantia
21%
Film Director 1950 This Can't Happen Here
21%
TV Film Director 1997 In the Presence of a Clown
18%
TV Film Screenplay 1997 In the Presence of a Clown
18%
Short Documentary Director 1986 Karin's Face
18%
Documentary Director 1977 The Making of Autumn Sonata
18%
Film Screenplay 1944 Torment
18%
Stage Director 1941, 1942 A Midsummer Night's Dream
14%
Film Screenplay 1951 Divorced
14%
Film Screenplay 1948 Eva
14%
Film Screenplay 2000 Faithless
14%
Stage Director 1986 Hamlet
14%
Stage Director 1996 Harald & Harald
14%
Stage Director 1984 King Lear
14%
Film Screenplay 1956 Last Pair Out
14%
Stage Director 1940, 1944, 1948 Macbeth
14%
Film Screenplay 1996 Private Confessions
14%
Film Screenplay 1992 Sunday's Children
14%
Film Screenplay 1991 The Best Intentions
14%
Film Director 1986 The Blessed Ones
14%
Film Screenplay 1970 The Lie
14%
Film Screenplay 1961 The Pleasure Garden
14%
Film Screenplay 1947 Woman Without a Face
14%
Stage Director 1989 A Doll's House
11%
Short Documentary Director 1976 Bakomfilm Ansikte mot Ansikte
11%
Short Documentary Director 1958 Bakomfilm Ansiktet
11%
Short Documentary Director 1956 Bakomfilm Det Sjunde Inseglet
11%
Short Documentary Director 1954 Bakomfilm En Lektion i Kärlek
11%
Short Documentary Director 1953 Bakomfilm Gycklarnas Afton
11%
Short Documentary Director 1954 Bakomfilm Kvinnodröm
11%
Short Documentary Director 1957 Bakomfilm Nära Livet
11%
Short Documentary Director 1961 Bakomfilm Nattvardsgästerna
11%
Short Documentary Director 1973 Bakomfilm Scener ur ett Äktenskap
11%
Short Documentary Director 1957 Bakomfilm Smultronstället
11%
Short Documentary Director 1955 Bakomfilm Sommarnattens Leende
11%
Short Documentary Director 1967 Bakomfilm Vargtimmen
11%
Short Documentary Director 1972 Bakomfilm Viskningar och Rop
11%
Stage Director 1964, 1970, 1979 Hedda Gabler
11%
Stage Director 1985, 1991 Miss Julie
11%
Short Documentary Director 1976 The Dance of the Damned Woman
11%
Stage Director 1941 The Father
11%
Stage Director 1998 The Imagemakers
11%
TV Play Director 2000 The Image Makers
11%
Documentary Director 1984 The Making of Fanny and Alexander
11%
Stage Director 1940 The Merchant of Venice
11%
Stage Director 1975 Twelfth Night, or What You Will
11%
Short Documentary Director 1980 Bakomfilm Aus dem Leben der Marionetten
7%
Short Documentary Director 1984 Bakomfilm Efter Repetitionen
7%
Short Documentary Director 1961 Bakomfilm Såsom i en Spegel
7%
Short Documentary Director 1987 Gotska Sandön
7%
TV Film Director 1957 Mr. Sleeman Is Coming
7%
Stage Director 1994 The Winter's Tale
7%
TV Film Director 1963 A Dream Play
4%
Stage Director 1977, 1986 A Dream Play
4%
Stage Director 1949 A Streetcar Named Desire
4%
Stage Director 1956 Cat on a Hot Tin Roof
4%
Stage Director 1955, 1983 Don Juan
4%
Stage Director 1965 Don Juan
4%
Film Screenplay 1946 It Rains Our Love
4%
Stage Director 1988 Long Day's Journey into Night
4%
Stage Director 1989 Madame de Sade
4%
TV Film Director 1992 Madame de Sade
4%
Stage Director 1945 Rabies
4%
TV Film Director 1958 Rabies
4%
Film Production 1981 Sally and Freedom
4%
Documentary Appearance 2018 Searching for Ingmar Bergman
4%
Stage Director 1979 Tartuffe
4%
Radio Play Director 1951 The City
4%
Documentary Appearance 2018 The Memory of Ingmar Bergman
4%
Stage Director 1954 The Merry Widow
4%
Stage Director 1957, 1995 The Misanthrope
4%
Stage Director 1973 The Misanthrope
4%
Stage Director 1951 The Rose Tattoo
4%
Stage Director 1961 The Seagull
4%
TV Film Director 1958 The Venetian
4%
Stage Director 1978 Three Sisters
4%
Stage Director 1974 To Damascus
4%
Radio Play Director 1953 A Caprice
0%
Stage Director 1941 A Ghost Sonata
0%
Radio Play Director 1984 Al Hearsay
0%
Stage Director 1950 A Shadow/Medea
0%
Radio Play Director 1990 A Spiritual Matter
0%
Stage Director 1939 Autumn Rhapsody/The Romantics
0%
Documentary Appearance 2018 Bergman: A Year in a Life
0%
Documentary Series Appearance 2018-2019 Bergman - Ett liv i fyra akter
0%
TV Documentary Appearance 2009 Bergmans Hushållerska
0%
Radio Play Director 1952 Blood Wedding
0%
Stage Director 1941 Bluebird
0%
Stage Director 1946 Caligula
0%
Stage Director 1939 Christmas/Advent
0%
Radio Play Director 1949 Come Up Empty
0%
Radio Play Director 1957 Counterfeiters
0%
Radio Play Director 1952 Crimes and Crimes
0%
Stage Director 1948 Dancing on the Pier
0%
Stage Director 1942 Death of Punch
0%
Stage Director 1950 Divine Words
0%
Radio Play Director 1952 Easter
0%
Stage Director 1943 En Däjlig Rosa
0%
Stage Director 1956 Erik XIV
0%
Stage Director 1939 Evening Cabaret For the Entire Family
0%
Radio Play Director 1956 Everyman
0%
Radio Play Director 1960 First Warning
0%
Stage Director 1943 Geography and Love
0%
Stage Director 2002 Ghosts
0%
Stage Director 1994 Goldberg Variations
0%
Stage Director 1956 Grandma and Our Lord
0%
Radio Play Director 1958 He Who Nothing Owns
0%
TV Documentary Appearance 2018 Ingmar Bergman: Behind the Mask
0%
Stage Director 1945 Jacobwsky and the Colonel
0%
Stage Director 1985 John Gabriel Borkman
0%
Radio Play Director 2001 John Gabriel Borkman
0%
Stage Director 1943 Just Before Awakening
0%
Stage Director 1945 Kriss-Krass-Filibom: New Year's Cabaret
0%
Stage Director 1955 Leah and Rachel
0%
Stage Director 1951 Light in the Schack
0%
Stage Director 1942, 1944 Little Red Riding Hood
0%
Radio Play Director 1948 Lodolezzi Sings
0%
Stage Director 2000 Mary Stuart
0%
Stage Director 1948 Mother Love
0%
Stage Director 1952 Murder at Barjärna
0%
Stage Director 1943 Niels Ebbesen
0%
Stage Director 1938 Outward Bound
0%
TV Film Director 1963 Painting-On-Wood
0%
Film Production 1977 Paradise Place
0%
Stage Director 1957 Peer Gynt
0%
Radio Play Director 1947, 1961 Playing with Fire
0%
Radio Play Director 1956 Portrait of a Madonna
0%
Stage Director 1946 Rachel and the Cinema Doorman
0%
Stage Director 1945 Reduce Morals
0%
Stage Director 1946 Requiem
0%
Stage Director 1940 Return
0%
Radio Play Director 2004 Rosmersholm
0%
Stage Director 1966 School for Wives/The Criticism of the School for Wives
0%
Stage Director 1971 Show
0%
Stage Director 1953, 1967 Six Characters in Search of an Author
0%
Stage Director 1942 Sniggel Snuggel/The Three Stupidities
0%
TV Film Director 1960 Storm Weather
0%
Stage Director 1999 Storm Weather
0%
Stage Director 1940 Swanwhite
0%
Radio Play Director 1954 The Apple-Tree Table
0%
Stage Director 1944 The Ascheberg Widow at Wittskövle
0%
Stage Director 1991, 1996 The Bacchae
0%
TV Film Director 1993 The Bacchae
0%
Radio Play Director 1955 The Ball
0%
Stage Director 1940 The Black Glove
0%
Stage Director 1953 The Castle
0%
Stage Director 1951 The Country Girl
0%
Stage Director 1952 The Crown Bride
0%
Stage Director 1984 The Dance of the Rainsnakes
0%
Stage Director 1947 The Day Ends Early
0%
Radio Play Director 1952 The Day Ends Early
0%
Stage Director 1970 The Dream Play
0%
Radio Play Director 1947, 1953 The Dutchman
0%
Stage Director 1943 The Fun Fair
0%
Stage Director 1944 The Gambling Hall/Mr. Sleeman Cometh
0%
Stage Director 1954, 1973, 2000 The Ghost Sonata
0%
Radio Play Director 1952 The Guiltburden of the Night
0%
Stage Director 1939 The Hangman/The Golden Chariot
0%
Stage Director 1944 The Hotel Room
0%
Stage Director 1940 The Hour Glass/The Pot of Broth
0%
Stage Director 1966 The Investigation
0%
Stage Director 1993 The Last Gasp
0%
TV Film Director 1995 The Last Gasp
0%
Stage Director 1945, 1958, 1963 The Legend
0%
Stage Director 1939 The Man Who Lived His Life Over
0%
Stage Director 1955 The Monk Strolls in the Meadow
0%
Stage Director 1940 The Pelican
0%
Stage Director 1945 The Pelican
0%
Stage Director 2003 The Pelican/Death Island
0%
Radio Play Director 1951 The People of Värmland
0%
Stage Director 1958 The People of Värmland
0%
Stage Director 1956 The Poor Bride
0%
Radio Play Director 1957 The Prisoner
0%
Stage Director 1961 The Rake's Progress
0%
Stage Director 1949 The Restless Heart
0%
Radio Play Director 1952 The Restless Heart
0%
TV Film Director 1983 The School for Wives
0%
Stage Director 1955 The Tea House of the August Moon
0%
Stage Director 1950 The Three-Penny Opera
0%
Stage Director 1993 The Time and the Room
0%
Stage Director 1941, 1944 The Tinder Box
0%
Radio Play Director 1956 The Tunnel
0%
Radio Play Director 1947 The Waves
0%
Stage Director 1972 The Wild Duck
0%
Stage Director 1948 Thieves' Carnival
0%
Stage Director 1964 Three Knives from Wei
0%
Stage Director 1965 Tiny Alice
0%
Documentary Appearance 2013 Trespassing Bergman
0%
Stage Director 1954 Twilight Games
0%
Stage Director 1947 Unto My Fear
0%
Radio Play Director 1953 Unto My Fear
0%
Stage Director 1958 Ur-Faust
0%
Documentary Appearance 2011 Viaggio in Bergmania
0%
Radio Play Director 1956 Vox Humana
0%
Stage Director 1944 When the Devil Makes an Offer
0%
Stage Director 1963 Who's Afraid of Virginia Woolf?
0%
Radio Play Director 1954 Wood Painting
0%
Stage Director 1955 Wood Painting
0%
Stage Director 1969 Woyzeck
0%
Stage Director 1980, 1995 Yvonne, Princess of Burgundy
0%
No matching quizzes found
Score Distribution
Percent of People with Each Score
Percentile by Number Answered
Your Score History
You have not taken this quiz since the last reset